Error iurus el conocimiento de la antijuricidad y el artc̕ulo 14 del del cd̤igo penal /

Detalles Bibliográficos
Autor principal: Felip i Saborit, David
Otros Autores: Silva Sǹchez, Jess︢-Mara̕ (pr)
Formato: Desconocido
Lenguaje:español
Publicado: Barcelona : Atelier, D.L. 2000
Colección:Serie mayor (Editorial Atelier)
Materias:
Acceso en línea:Acceso restringido

MARC

LEADER 00000ny a22000003n 4500
005 20110608095853.0
008 030117s2000 sp s 000 0 spa c
017 |a D.L.B.2593-2000 
020 |a 8493052493 
035 |a 626 
040 |a UMA.DER  |d vLex 
040 |a UMA.RE  |d vLex 
080 |a 343.222 
090 |c 557  |d 557 
100 1 |a Felip i Saborit, David 
245 1 0 |a Error iurus  |h [Recurso electrn̤ico]  |b el conocimiento de la antijuricidad y el artc̕ulo 14 del del cd̤igo penal /  |c David Felip i Saborit ; prl̤ogo de Jes-︢Mara̕ Silva Sǹchez 
256 |a Servicio en ln̕ea 
260 |a Barcelona :  |b Atelier,  |c D.L. 2000 
300 |a 289 p. ;  |c 24 cm 
490 1 |a Serie mayor 
506 1 |a Contenido solo disponible en los productos indicados  |d vLex Global  |d vLex Global (Academic Edition, excluding Law Schools)  |d vLex Global (U.S. Academic Edition, Law Schools)  |d vLex Global (U.S. Academic Edition, excluding Law Schools)  |d vLex Global (Academic Edition, Law Schools) 
650 0 7 |a Antijuridicidad  |2 Tesauro vLex 
650 0 7 |a Penal  |2 Tesauro vLex 
700 1 |a Silva Sǹchez, Jess︢-Mara̕,  |e pr 
740 0 |a vLex Libros (Servicios en ln̕ea) 
830 0 |a Serie mayor (Editorial Atelier) 
856 4 0 |u http://vlex.com/source/626  |z Acceso restringido 
942 |c BOOK 
999 0 |a Barcelona  |b Criminal Law